| 000 | 00000nam##2200000za#4500 |
| 001 | 9.695895 |
| 003 | CaOODSP |
| 005 | 20210624234803 |
| 007 | cr ||||||||||| |
| 008 | 150407|2000||||xxc|||||o f|0| 0 eng|d |
| 040 | |aCaOODSP|beng |
| 043 | |an-cn--- |
| 086 | 1 |aSC94-73/2000E-PDF |
| 110 | 1 |aCanada.|bCanadian Centre for Management Development. |
| 245 | 10|aNegotiating labour market development agreements / |h[electronic resource]|c[by] Herman Bakvis and Peter Aucoin. |
| 260 | |aOttawa - Ontario : |bCanadian Centre for Management Development |cMarch 2000. |
| 300 | |a57p.|breferences, tables |
| 500 | |a"Research, no. 22". The catalogue number (SC94-73/2000) and ISBN (0-662-64896-X) for the bilingual print edition have been incorrectly copied in this electronic publication. |
| 590 | |a12-16-Supp|b2012-04-17 |
| 690 | 07|aAgreements|2gcpds |
| 690 | 07|aLabour market|2gcpds |
| 690 | 07|aNegotiations|2gcpds |
| 720 | 1 |aBakvis, Herman |
| 720 | 1 |aAucoin, Peter |
| 775 | 08|tNégociation d'accords de développement du marché du travail / |w(CaOODSP)9.640015 |
| 776 | 0#|tNegotiating labour market development agreements / |w(CaOODSP)9.661771 |
| 776 | 0#|tNégociation d'accords de développement du marché du travail / |w(CaOODSP)9.661772 |
| 856 | 40|ahttp://publications.gc.ca|qPDF|s222 KB|uhttps://publications.gc.ca/collections/Collection/SC94-73-2000E.pdf |